Nos bastidores de Escobar e outras crónicas bogotanas (Registro nro. 310758)
[ vista simple ]
| 000 -ENCABEZADO | |
|---|---|
| Número de control [NR] | 00793 a2200229 4500 |
| 005 - FECHA Y HORA DE LA ÚLTIMA TRANSACCIÓN | |
| control field | 20181016151053.0 |
| 008 - DE LONGITUD FIJA DE DATOS DE ELEMENTOS - INFORMACIÓN GENERAL | |
| Elementos de longitud fija [NR] | 181016s2018 b ||||| |||| 00| 0 por d |
| 020 ## - NUMERO INTERNACIONAL NORMALIZADO PARA LIBROS [R] | |
| Número Internacional Normalizado del libro [NR] | 9788566019759 |
| 040 ## - FUENTE DE CATALOGACION [NR] | |
| Agencia de catalogación original [NR] | CO-BoUCM |
| Idioma de catalogación [NR] | spa |
| Quien Cataloga | Saul Niño |
| Quien Clasifica | Saul Niño |
| 041 0# - CODIGO DE IDIOMA [R] | |
| Código de idioma para texto/pista de sonido o título separado [R] | Español |
| 100 10 - ASIENTO PRINCIPAL--NOMBRE PERSONAL [NR] | |
| Nombre personal [NR] | Cirino, Adriano |
| ID Autoridad | 94012 |
| 245 10 - MENCION DE TITULO [NR] | |
| Título [NR] | Nos bastidores de Escobar e outras crónicas bogotanas |
| Mención de responsabilidad, etc. [NR] | Adriano Cirino |
| 260 ## - PUBLICACION, DISTRIBUCION, ETC. (PIE DE IMPRENTA) [R] | |
| Lugar de publicación, distribución, etc. [R] | Belo Horizonte |
| Nombre del editor, distribuidor, etc. [R] | Crivo Editorial |
| Fecha de publicación, distribución, etc. [R] | 2018 |
| 300 ## - DESCRIPCION FISICA [R] | |
| Extensión [R] | 77 páginas |
| 546 ## - NOTA DE IDIOMA [R] | |
| Nota de idioma [NR] | Texto en portugués |
| 650 #7 - ASIENTO SECUNDARIO DE MATERIA - TERMINO TEMATICO [R] | |
| 9 (RLIN) | 20095 |
| Término temático o nombre geográfico como elemento de entrada [NR] | Narrativa |
| Subdivisión geográfica [R] | Bogotá (Colombia) |
| 650 #7 - ASIENTO SECUNDARIO DE MATERIA - TERMINO TEMATICO [R] | |
| 9 (RLIN) | 12223 |
| Término temático o nombre geográfico como elemento de entrada [NR] | Crónicas |
| Subdivisión geográfica [R] | Bogotá (Colombia) |
| 650 #7 - ASIENTO SECUNDARIO DE MATERIA - TERMINO TEMATICO [R] | |
| 9 (RLIN) | 21340 |
| Término temático o nombre geográfico como elemento de entrada [NR] | Periodismo |
| Subdivisión general [R] | Cuentos |
| Subdivisión geográfica [R] | Bogotá (Colombia) |
| 650 #7 - ASIENTO SECUNDARIO DE MATERIA - TERMINO TEMATICO [R] | |
| 9 (RLIN) | 18599 |
| Término temático o nombre geográfico como elemento de entrada [NR] | Literatura |
| 942 ## - ELEMENTOS DE ENTRADA AGREGADOS (KOHA) | |
| Tipo de ítem principal el descrito en 300a | Libro |
| Sistema de clasificación | DEWEY |
| Tema principal | Literatura |
| Edición | 1 |
| Clasificación | 869.42 |
| Parte restante de la signatura top. | C578n |
| Total préstamos | Signatura topográfica | Código de barras | Última vez visto | Ejemplar | Costo de reposición | Price effective from | Tipo de ítem | Nota pública (OPAC) | Perdido | Sistema de clasificación | Dañado | No prestable | Tipo de ítem específico | Suprimido | Ubicación habitual | Ubicación actual | Localización | Fecha de creación | Proveedor | Forma de adquisición | Costo |
|---|---|---|---|---|---|---|---|---|---|---|---|---|---|---|---|---|---|---|---|---|---|
| BR 869.42 C578n | 100158379 | 11/12/2025 | Ej.1 | 26000.00 | 04/10/2018 | Libro | Spot Literatura general | DEWEY | Libro | Quinta de Mutis | Quinta de Mutis | Mezanecs | 04/10/2018 | 12 | Donación | 0.00 |